000 01012nam a2200289 i 4500
003 EG-GICUC
005 20260121101213.0
008 251112s1968 -uk f |||| 000 0 eng d
040 _aEG-GiCUC
_beng
_cEG-GiCUC
_dEG-GiCUC
_erda
041 0 _aeng
082 0 4 _221
_a338.9
_bRO . T
092 0 4 _221
099 _aLaw1 13 338.9 RO . T 1968
100 1 _aRobbins , Lord
_eAuthor.
245 1 0 _aThe Theory Of Economic Development In The History Of Economic Thought :
_bBeing The Chichele Lectures For 1966, Revised And Extended /
_cLord Robbins.
264 3 _aLondon :
_bMacmillan St. Martin's Press ,
_c1968.
300 _a185 pages ;
_c24 cm.
336 _2rda content
_atext
337 _2rda media
_aComputer
338 _2rda carrier
_aOnline Resource
504 _aIncludes bibliographical references.
546 _aText in English
650 1 4 _aPublic finance and tax legislation
856 4 0 _uhttps://fll.law.cu.edu.eg/fulltext/bks/B13-07488.pdf
905 _a48
942 _2ddc
_cBK
_e21
_n0
999 _c42804
_d42804